Lý thuyết cơ sở về động cơ (Kỹ thuật sửa chữa ô tô). Tập 1 =Basic engine (Automobile repair technology). Series 1

Gardado en:
Detalles Bibliográficos
Formato: Libro
Idioma:Vietnamese
Publicado: Lao Động Xã hội 2001
Những chủ đề:
Các nhãn: Engadir etiqueta
Sen Etiquetas, Sexa o primeiro en etiquetar este rexistro!
Thư viện lưu trữ: Mạng thư viện Đại học Đà Nẵng
LEADER 01076nam a2200301 a 4500
001 000001050
003 01818
005 20171229145311.0
008 171229s2001 vie
040 |a LSK 
041 0 |a VIE 
082 0 |a 629.2  |b DO-H 
245 0 0 |a Lý thuyết cơ sở về động cơ (Kỹ thuật sửa chữa ô tô). Tập 1 =Basic engine (Automobile repair technology). Series 1  |c Han Sang Don; Trần Văn Nghĩa dịch 
260 |b Lao Động Xã hội  |c 2001 
300 |a 149 pages  |c 27 cm. 
653 |a Ô tô - Động cơ 
852 |a Phòng Đọc - Phòng Mượn 
901 |a 43 
927 |a Giáo trình 
OWN |a LSK 
AVA |a UDN50  |b LSK  |d 629.2 DO-H  |e check_holdings  |t Error 5003 Not defined in file expand_doc_bib_avail.  |h N  |k 1 
999 |a From the UDN01 
AVA |a UDN50  |b LSK  |d 629.2 DO-H  |e available  |t Error 5001 Not defined in file expand_doc_bib_avail.  |f 43  |g 0  |h N  |i 0  |k 1 
TYP |a Monograph 
TYP |a Printed language 
980 |a Mạng thư viện Đại học Đà Nẵng